00949cam a2200253 a 450000500170000000800410001701000150005801500080007302000150008102000180009604000390011404100080015306000120016110000190017324501810019226000690037330000690044254600220051165000280053365000300056165000450059165000390063670000200067520190610090417.0190610r2005 njuad r 001 0ceng d a2004040853 aNNN a0471676233 a9780471676232 aCO-BoUCMcSaul NiñodSaul Niño0 aeng aQT 36.21 aPrutchi, David10aDesign and development of medical electronic instrumentationba practical perspective of the design, construction, and test of medical devicescDavid Prutchi and Michael Norris aHoboken, New JerseybWiley-IntersciencebJohn Wiley & Sonsc2005 axv, 461 páginasbilustraciones, diagramas, gráficas y tablas aTexto en inglés 7aElectrónica médica  7aIngeniería biomédica  7aIndustria de equipos para diagnóstico  7aMedicina vAparatos e instrumentos1 aNorris, Michael